Socioogie et contestation

Đã lưu trong:
書目詳細資料
主要作者: Ziegler, Jean
格式: 圖書
語言:Undetermined
出版: Paris Gallimard 1969
主題:
標簽: 添加標簽
沒有標簽, 成為第一個標記此記錄!
Thư viện lưu trữ: Trung tâm Học liệu Trường Đại học Cần Thơ
LEADER 00467nam a2200181Ia 4500
001 CTU_89848
008 210402s9999 xx 000 0 und d
082 |a 301.1 
082 |b Z66 
100 |a Ziegler, Jean 
245 0 |a Socioogie et contestation 
245 0 |c Jean Ziegler 
260 |a Paris 
260 |b Gallimard 
260 |c 1969 
650 |a Sociology,Primitive societies 
904 |i Mai Loan 
980 |a Trung tâm Học liệu Trường Đại học Cần Thơ